000
00204 a2200097 4500
001
32602
100
_a
245
_a
One hundred great lives
260
_a
London
_b
Odhams Books
_c
090
_c
21816
_d
21816
942
_a
NUST-CAE
_c
M
_c
13132
999
_c
267675
_d
267675